000 01254nam a22002777a 4500
999 _c117749
_d117749
003 dpl
005 20190119152122.0
008 190119b ||||| |||| 00| 0 eng d
010 _aB-113741
020 _c350.00
_a8187524685
035 _aB-113741, B-113759
037 _bCen Lib/Ret
040 _aDPL
_bHN
_c0
082 _a920
_bउसका
245 _aउसका अनाम प्यार :
_cअनुवादक विजय प्रकाश
_bमहान रूसी साहित्यकारों की अंतरग जीवन-कथाएं /
246 _aUska anaam pyar : mahan rusi sahityakaron ki antrag jeevan-kathaen /
_banuvadak Vijay Prakash
260 _aमेरठ
_bसंवाद प्रकाशन
_c2004
270 _bमेरठ
_aआई-499, शास्त्रीनगर
_e250 004
300 _a331पृ.
_c20सेमी(सजिल्द)
650 _aहिन्दी -- साहित्य
_976618
650 _aहिन्दी -- जीवनियाँ
_976619
650 _aHindi literature
_976620
650 _aHindi - Biographies
_976621
700 _aप्रकाश, विजय
_976622
942 _2ddc
_cHN
_h920
_mउसका